000 02395nam a2200265 4500
001 113905
003 DR-UNIBE
005 20250722101907.0
008 250722b2002 dr ||||| |||| 00| 0 spa d
020 _a9993468029
040 _aBIBLIOTECA UNIBE
_cBIBLIOTECA UNIBE
_bspa
_erda
041 _aspa
082 _222
_aRD 346.015 N789i 2002
100 1 0 _aNolasco, Daniel
_q(Nolasco Olivo, Daniel Julio)
_eautor
_9107378
245 1 0 _aInstituciones de derecho de familia /
_cDaniel Nolasco
250 _aPrimera edición
260 _aSanto Domingo :
_bLibrería Jurídica Virtual y Ediciones Jurídicas Trajano Potentini,
_c2002
300 _a2 volúmenes ;
_c20 cm
500 _aInformación sobre el autor en las solapas, comentario de la obra en la contraportada. Biblioteca tiene Tomo I
504 _aIncluye referencias bibliográficas (páginas: 387-390) e índice
505 0 _aPrólogo | Introducción | Capítulo 1. El derecho de familia como rama del derecho privado | Capítulo 2. La persona como sujeto de derecho | Capítulo 3. La familia como institución basada en el parentesco | Capítulo 4. El registro del estado civil como institución jurídica | Capítulo 5. El matrimonio como institución constitutiva de la familia | Capítulo 6. El régimen matrimonial como acto jurídico familiar | Capítulo 7. La unión de hecho reconocida como familia | Capítulo 8. El parentesco como institución geneonómica | Capítulo 9. El divorcio como vía de disolución matrimonial | Apéndice I. Ley número 659 sobre actos del Estado Civil | Apéndice II. Ley número 1306-bis sobre divorcio y sus modificaciones contenidas en leyes especiales, incluyendo la Ley 142 que instituye el divorcio al vapor en la República Dominicana | Apéndice III. Ley número 136 que introduce modificaciones a la Ley No. 1306-bis | Apéndice IV. Ley número 3937 que instituye la separación personal de los matrimonios canónicos | Apéndice V. Ley número 8-92 que pone bajo la dependencia de la Junta Central Electoral, la Dirección General de la Cédula de Identificación Personal y las oficinas y agencias expedidoras de cédulas, la oficina central del Estado Civil y las Oficialías del Estado Civil | Bibliografía
650 7 _2lemb
_a Derecho de familia
_xAspectos jurídicos
_9197508
700 1 _aGarcía Fermín, Franklin
_eprologuista
_924117
942 _2ddc
_cBK
999 _c113905
_d113905